000 00485nam a22001931a 4500
001 6427
003 OSt
005 20260204212050.0
008 060412s19??||||dr ||||||b||||||||||spa||
020 _a8449993016
050 _aRD 865.44 B181e
100 _aBalaguer, Joaquín
245 _aEntre la sangre del 30 de mayo / Joaquín Balaguer
250 _a3
264 _aSanto Domingo : Corripio
300 _a318 p
650 _a1.Discurso Público 2.LiteraturaÌ
942 _2ddc
_cBK
999 _c6427
_d6427